000 01040naa a22002657u 4500
001 04876
003 HDC
007 cr bn ---aaaaa
008 210118t2004 flu bi 000 0 eng
020 _a0849317460
040 _aHDC
050 _aRS200.N53 2004
082 _a615.19
245 0 _aHANDBOOK OF Pharmaceutical Manufacturing Formulations : Compressed Solid Products.
_n VOLUME 1 :
_bChapter 1 : Bioavailability and Bioequivalence Studies for Orally Administered Drug Products /
_cSarfaraz K. Niazi
260 _aBoca Raton, Florida :
_bCRC PRESS,
_c©2004
336 _atext
_2rdacontent
337 _acomputer
_2rdamedia
338 _aonline resource
_2rdacarrier
500 _aIncludes bibliographical references and index.
650 _aDrugs
_xDosage forms
_vHandbooks, manuals, etc.
_95090
856 _zRequest full-text at [email protected]
942 _2lcc
942 _cCHAP
942 _kEBCH 000979
999 _c2200
_d2200